Statistics for usual zoo animals

Click here to take the quiz!

General Stats

  • This quiz has been taken 282 times
  • The average score is 9 of 19

Answer Stats

Hintanswer% Correct
roarlion
99%
trunkelephant
89%
bananasmonkey
88%
long neckgiraffe
86%
strippedzebra
86%
strippedtiger
78%
humpscamel
76%
south polepenguin
75%
alvin and thechipmunks
63%
jumpskangaroo
50%
bearpanda
35%
wingedbirds
13%
smallmeerkat
12%
hornrino
9%
penguin predetorssea lions
8%
fishwild bear
4%
visioushipo
3%
musleygorrila
1%
dogwild dogs
1%

Score Distribution

Percentile by Number Answered

Percent of People with Each Score

Your Score History

You have not taken this quiz